000 00408cam a2200169ua 4500
003 OSt
008 241101b |||||||| |||| 00| 0 eng d
041 _aeng
082 _a624.18341
_bBIR/TE
100 _aBirdie, G S .
_97598
245 _aText book of RCC /
250 _a1 /
260 _aNew Delhi :
_bWiley Eastern Ltd ,
_c1993.
300 _a383 ; .
700 1 _aBirdie, J S .
_97599
942 _cBK
999 _c2458
_d2458